000 00334nam a22001457a 4500
008 210301b ||||| |||| 00| 0 eng d
020 _a9781401856458
041 _aeng
080 _23rd
_a610.73
082 _a610.73
100 _a1
101 _aINF
245 _aPsychiatirc Mental Health Nursing
_cFrisch, N.C
942 _2udc
_cBK
999 _c55315
_d55315